00627nam a2200181Ia 4500952014400000999001700144003000400161005001700165008004100182040000900223082002200232100002200254245005500276260003900331300000900370650001500379942005100394 00102ddc40708CIVILaMESbMEScCAREER CORNERd2019-02-20g180.00l0o320.954076 CHO/Up36348r2019-02-20 00:00:00w2019-02-20yREFzU7R2 c37083d37083OSt20210122133703.0190216s9999||||xx |||||||||||||| ||und|| coclc a320.954076bCHO/U aChopra, J K98371 0aUnique Quintessence Of Indian Polity /cJ K Chopra bUnique Publishers, c2010.aDelhi: a391p aReferences cREF2ddch320.954076iCHO/Uk320.954076mCHO/U